000 00515nab a2200145Ia 4500
003 ES-SlBCS
005 20210601134709.0
008 140529s2000 xxu||||| |||| 00| 0 spa d
041 _aspa
100 1 _aYounis, José Antonio
_9221632
245 0 0 _aLos adolescentes en situación de exclusión social: Conflictos entre la norma y el deseo
_c José Antonio Younis
650 0 4 _aAdolescentes-Exclusión Social
_9221953
773 0 _tAnuario de Psicologia
_gvol. 31, nº. 2, 2000, págs. 119-136
_wRev1509
942 _cAR
999 _c616550
_d616550